[Event "Chigorin Memorial 28th"]
[Site "St Petersburg"]
[Date "2021.10.31"]
[Round "9"]
[White "Allahverdiyeva, Ayan"]
[Black "Palchun, Grigory"]
[Result "1-0"]
[WhiteElo "2051"]
[BlackElo "2338"]
[PlyCount "71"]
[EventDate "2021.10.23"]
[EventType "swiss"]
[EventRounds "9"]
[EventCountry "RUS"]
[SourceTitle "EXT 2023"]
[Source "ChessBase"]
[SourceDate "2022.10.05"]
[SourceVersion "1"]
[SourceVersionDate "2022.10.05"]
[SourceQuality "1"]

1. e4 e5 2. Nf3 Nc6 3. Bb5 Nd4 4. Nxd4 exd4 5. Bc4 h5 6. d3 Bc5 7. Nd2 c6 8. a4 d5 9. exd5 cxd5 10. Bb5+ Kf8 11. a5 a6 12. Ba4 Qxa5 13. 0-0 Qc7 14. Re1 Bg4 15. f3 Be6 16. Nf1 Ne7 17. Re2 Rc8 18. Qe1 Ng6 19. Rxe6 fxe6 20. Qxe6 Ne7 21. Bg5 Rd8 22. Re1 Qd6 23. Qh3 Qg6 24. f4 b5 25. Bb3 Kf7 26. Re5 Bd6 27. Rxd5 Nxd5 28. Bxd5+ Ke8 29. Be4 Qf7 30. Bc6+ Rd7 31. Ng3 Bb4 32. Ne4 Rh7 33. c3 dxc3 34. bxc3 Ba3 35. d4 a5 36. d5 1-0

[Event "Chigorin Memorial 28th"]
[Site "St Petersburg"]
[Date "2021.10.27"]
[Round "5"]
[White "Goganov, Aleksey"]
[Black "Palchun, Grigory"]
[Result "1-0"]
[WhiteElo "2557"]
[BlackElo "2338"]
[PlyCount "79"]
[EventDate "2021.10.23"]
[EventType "swiss"]
[EventRounds "9"]
[EventCountry "RUS"]
[SourceTitle "EXT 2023"]
[Source "ChessBase"]
[SourceDate "2022.10.05"]
[SourceVersion "1"]
[SourceVersionDate "2022.10.05"]
[SourceQuality "1"]

1. d4 Nf6 2. c4 e6 3. Nf3 b6 4. g3 Ba6 5. Nbd2 Bb7 6. Bg2 Be7 7. 0-0 0-0 8. b3 d5 9. Bb2 c5 10. dxc5 bxc5 11. Ne5 Nbd7 12. cxd5 Nxe5 13. Bxe5 exd5 14. Rc1 Rc8 15. Re1 Re8 16. e4 dxe4 17. Nxe4 Nxe4 18. Bxe4 Bxe4 19. Rxe4 Bd6 20. Qe2 Bxe5 21. Rxe5 Rxe5 22. Qxe5 Qb6 23. h4 h6 24. Rc4 Qc6 25. Kh2 g6 26. Qc3 Qa6 27. a4 Qc6 28. a5 Rb8 29. Rxc5 Qb7 30. b4 a6 31. Rc7 Qb5 32. Qf6 Qd5 33. Qxa6 Qf5 34. Qe2 Rxb4 35. Rc3 Ra4 36. Rf3 Qd7 37. Rd3 Qa7 38. Rd8+ Kh7 39. Qb2 Rxh4+ 40. Kg1 1-0

[Event "St Petersburg-ch 94th"]
[Site "St Petersburg"]
[Date "2021.04.02"]
[Round "9"]
[White "Vlasenko, Miroslav"]
[Black "Palchun, Grigory"]
[Result "1/2-1/2"]
[WhiteElo "2433"]
[BlackElo "2359"]
[PlyCount "110"]
[EventDate "2021.03.25"]
[EventType "swiss"]
[EventRounds "9"]
[EventCountry "RUS"]
[SourceTitle "EXT 2022"]
[Source "ChessBase"]
[SourceDate "2021.10.06"]
[SourceVersion "1"]
[SourceVersionDate "2021.10.06"]
[SourceQuality "1"]

1. e4 e5 2. Nc3 Nf6 3. Bc4 Bc5 4. f4 d5 5. exd5 e4 6. d4 exd3 7. Qxd3 0-0 8. Nge2 Ng4 9. Rf1 Re8 10. Bd2 Ne3 11. Bxe3 Rxe3 12. Qd2 Re8 13. d6 c6 14. Qd3 b5 15. Bb3 Na6 16. Qf3 Qxd6 17. Ne4 Qe7 18. Nxc5 Nxc5 19. 0-0-0 Nxb3+ 20. axb3 Bb7 21. Ng3 c5 22. Qg4 Rad8 23. f5 Qe3+ 24. Kb1 Rd4 25. Rxd4 Qxd4 26. Qxd4 cxd4 27. Rd1 Bxg2 28. Rxd4 g6 29. Rd7 a5 30. Kc1 Kg7 31. Rd6 h5 32. fxg6 fxg6 33. Kd2 Re5 34. c4 Rc5 35. Rd4 Kf6 36. h4 Ke5 37. Ke3 Rc7 38. Ne2 bxc4 39. bxc4 Rb7 40. Nf4 Rb3+ 41. Nd3+ Kf5 42. Rf4+ Ke6 43. Kd4 Ke7 44. Rf2 Bh3 45. Ne5 Bf5 46. Nc6+ Kd6 47. Ne5 a4 48. c5+ Kc7 49. Kd5 a3 50. bxa3 Rxa3 51. Rf4 Ra1 52. Nf3 Rf1 53. Ke5 Rc1 54. Kd5 Rf1 55. Ke5 Rc1 1/2-1/2

[Event "St Petersburg-ch 94th"]
[Site "St Petersburg"]
[Date "2021.03.25"]
[Round "1"]
[White "Goganov, Aleksey"]
[Black "Palchun, Grigory"]
[Result "1-0"]
[WhiteElo "2575"]
[BlackElo "2359"]
[PlyCount "55"]
[EventDate "2021.03.25"]
[EventType "swiss"]
[EventRounds "9"]
[EventCountry "RUS"]
[SourceTitle "EXT 2022"]
[Source "ChessBase"]
[SourceDate "2021.10.06"]
[SourceVersion "1"]
[SourceVersionDate "2021.10.06"]
[SourceQuality "1"]

1. d4 Nf6 2. c4 e6 3. Nf3 Bb4+ 4. Nbd2 0-0 5. a3 Be7 6. e4 d5 7. e5 Nfd7 8. Bd3 c5 9. 0-0 Nc6 10. Re1 Qc7 11. Qc2 h6 12. cxd5 exd5 13. Nf1 Rd8 14. Ng3 Nf8 15. h3 a5 16. dxc5 Ne6 17. Nh5 Nxc5 18. Bxh6 gxh6 19. Qd2 Bf8 20. Nf6+ Kh8 21. Rac1 Ne6 22. Nh4 Ng5 23. f4 Qb6+ 24. Kh1 Ne4 25. Bxe4 dxe4 26. Qe2 Bg7 27. Qh5 Be6 28. Qg6 1-0

[Event "St Petersburg-ch sf"]
[Site "St Petersburg"]
[Date "2021.03.02"]
[Round "9"]
[White "Palchun, Grigory"]
[Black "Lesovoi, Evgenij"]
[Result "0-1"]
[WhiteElo "2359"]
[BlackElo "2347"]
[PlyCount "64"]
[EventDate "2021.02.22"]
[EventType "swiss"]
[EventRounds "9"]
[EventCountry "RUS"]
[SourceTitle "EXT 2022"]
[Source "ChessBase"]
[SourceDate "2021.10.06"]
[SourceVersion "1"]
[SourceVersionDate "2021.10.06"]
[SourceQuality "1"]

1. e4 c5 2. Nc3 a6 3. Nf3 e6 4. d4 cxd4 5. Nxd4 Qc7 6. Be2 b5 7. a3 Bb7 8. 0-0 Nf6 9. Bf3 d6 10. Bg5 Nbd7 11. g3 Be7 12. Bg2 h6 13. Be3 0-0 14. Nde2 Rfd8 15. Qe1 Rac8 16. Rd1 Nc5 17. f3 d5 18. exd5 Nxd5 19. Nxd5 Bxd5 20. Nc3 Bb7 21. Rf2 Rxd1 22. Qxd1 Nd7 23. a4 b4 24. Nb1 Nb6 25. f4 Bxg2 26. Kxg2 Nxa4 27. b3 Nb6 28. Qf3 Nd5 29. Bd4 Bc5 30. Bxc5 Qxc5 31. Re2 Qd4 32. f5 e5 0-1

[Event "St Petersburg Korchnoi Memorial op"]
[Site "St Petersburg"]
[Date "2019.08.21"]
[Round "8"]
[White "Palchun, Grigory"]
[Black "Ismagilov, Damir"]
[Result "1-0"]
[WhiteElo "2368"]
[BlackElo "2220"]
[PlyCount "37"]
[EventDate "2019.08.14"]
[EventType "swiss"]
[EventRounds "9"]
[EventCountry "RUS"]
[SourceTitle "CBM 192"]
[Source "ChessBase"]
[SourceDate "2019.10.31"]
[SourceVersion "1"]
[SourceVersionDate "2019.10.31"]
[SourceQuality "1"]

1. d4 c5 2. d5 g6 3. e4 Bg7 4. Nf3 d6 5. Be2 Nf6 6. Nc3 e5 7. dxe6 Bxe6 8. e5 dxe5 9. Qxd8+ Kxd8 10. Nxe5 Nd5 11. Nxd5 Bxd5 12. Bf4 Ke7 13. 0-0-0 Bxg2 14. Rhe1 g5 15. Bf3 Bxf3 16. Ng4+ Be5 17. Rxe5+ Kf8 18. Rd8+ Kg7 19. Rxg5# 1-0

[Event "Chigorin Memorial 26th"]
[Site "St Petersburg"]
[Date "2018.11.03"]
[Round "8"]
[White "Pesotskiy, Mikhail"]
[Black "Palchun, Grigory"]
[Result "1/2-1/2"]
[WhiteElo "2205"]
[BlackElo "2394"]
[PlyCount "80"]
[EventDate "2018.10.27"]
[EventType "swiss"]
[EventRounds "9"]
[EventCountry "RUS"]
[SourceTitle "CBM 187 Extra"]
[Source "ChessBase"]
[SourceDate "2018.11.04"]
[SourceVersion "1"]
[SourceVersionDate "2018.11.04"]
[SourceQuality "1"]

1. Nf3 Nf6 2. c4 e6 3. g3 b6 4. Bg2 Bb7 5. 0-0 Be7 6. d4 d5 7. cxd5 exd5 8. Nc3 0-0 9. Ne5 Na6 10. Bf4 c5 11. Qa4 Qe8 12. Qxe8 Rfxe8 13. Nb5 Ne4 14. dxc5 Nexc5 15. Nf3 Bf6 16. Nfd4 Rad8 17. Be3 Ne6 18. Rfd1 Nxd4 19. Nxd4 Nc5 20. Rac1 Ne6 21. Bf3 Rd7 22. b3 g6 23. h4 h5 24. Rd2 Rc8 25. Rxc8+ Bxc8 26. Kg2 Bb7 27. Nb5 Ba6 28. Nd4 Bb7 29. Nb5 Ba6 30. Nd4 Bb7 31. Nb5 Ba6 32. Nd4 Bb7 33. Nb5 Ba6 34. Nd4 Bb7 35. Nb5 Ba6 36. Nd4 Bb7 37. Nb5 Ba6 38. Nd4 Bb7 39. Nb5 Ba6 40. Nd4 Bb7 1/2-1/2

[Event "St Petersburg 09"]
[Site "St Petersburg"]
[Date "2018.08.31"]
[Round "4"]
[White "Palchun, Grigory"]
[Black "Kazakouski, Valery"]
[Result "1-0"]
[WhiteElo "2451"]
[BlackElo "2406"]
[PlyCount "105"]
[EventDate "2018.08.28"]
[EventType "tourn"]
[EventRounds "9"]
[EventCountry "RUS"]
[EventCategory "8"]
[SourceTitle "CBM 186 Extra"]
[Source "ChessBase"]
[SourceDate "2018.08.24"]
[SourceVersion "1"]
[SourceVersionDate "2018.08.24"]
[SourceQuality "1"]

1. e4 c5 2. Nc3 Nc6 3. Bb5 Nd4 4. Bc4 e6 5. Nf3 a6 6. Nxd4 cxd4 7. Ne2 Bc5 8. Ng3 Qh4 9. d3 b5 10. Bb3 Bb7 11. 0-0 Nf6 12. Qe1 Nh5 13. f4 Nxg3 14. hxg3 Qe7 15. f5 e5 16. f6 gxf6 17. Qf2 d5 18. Bxd5 Bxd5 19. exd5 Rg8 20. Qxf6 Qxf6 21. Rxf6 Ke7 22. Rf3 Rg6 23. Bd2 Rag8 24. Kf2 f6 25. a4 b4 26. Rh1 R8g7 27. Rh5 Bd6 28. Ke2 Rf7 29. Rhf5 Rg4 30. Kf2 Rg6 31. Kg1 Rfg7 32. Be1 Rf7 33. Kf1 Rg8 34. Ke2 Rg6 35. Rf1 Bc5 36. Kd1 Bd6 37. R1f3 Rf8 38. Kc1 Rh6 39. g4 Rh1 40. Kd1 h6 41. Rh3 Rg1 42. Rxh6 b3 43. Rh7+ Ke8 44. cxb3 Bb4 45. Kc2 Rxe1 46. Rb7 Bd6 47. Rh5 Re2+ 48. Kd1 Rxg2 49. Rhh7 Rg8 50. Ra7 Rg1+ 51. Kc2 Be7 52. Rhxe7+ Kd8 53. d6 1-0

[Event "St Petersburg rapid"]
[Site "St Petersburg"]
[Date "2018.08.26"]
[Round "8"]
[White "Pridorozhni, Aleksei"]
[Black "Palchun, Grigory"]
[Result "1-0"]
[WhiteElo "2564"]
[BlackElo "2451"]
[PlyCount "45"]
[EventDate "2018.08.25"]
[EventType "swiss (rapid)"]
[EventRounds "11"]
[EventCountry "RUS"]
[SourceTitle "CBM 186 Extra"]
[Source "ChessBase"]
[SourceDate "2018.08.24"]
[SourceVersion "1"]
[SourceVersionDate "2018.08.24"]
[SourceQuality "1"]

1. e4 c5 2. Nc3 Nc6 3. Bb5 g6 4. Bxc6 bxc6 5. d3 Bg7 6. f4 d6 7. Nf3 Nf6 8. 0-0 0-0 9. Qe1 Rb8 10. b3 Ba6 11. Bd2 Nd7 12. Kh1 e6 13. e5 d5 14. Na4 c4 15. dxc4 dxc4 16. Rf2 cxb3 17. axb3 f6 18. Bb4 Rxb4 19. Qxb4 fxe5 20. Rd1 Qc7 21. Ng5 Rxf4 22. Rxf4 exf4 23. Qe7 1-0

[Event "St Petersburg Korchnoi Memorial op"]
[Site "St Petersburg"]
[Date "2018.08.23"]
[Round "9"]
[White "Palchun, Grigory"]
[Black "Afanasieva, Alexandra"]
[Result "0-1"]
[WhiteElo "2451"]
[BlackElo "2112"]
[PlyCount "52"]
[EventDate "2018.08.15"]
[EventType "swiss"]
[EventRounds "9"]
[EventCountry "RUS"]
[SourceTitle "CBM 186 Extra"]
[Source "ChessBase"]
[SourceDate "2018.08.24"]
[SourceVersion "1"]
[SourceVersionDate "2018.08.24"]
[SourceQuality "1"]

1. Nf3 Nf6 2. c4 e6 3. e3 d5 4. b3 c5 5. Bb2 Nc6 6. Nc3 Be7 7. cxd5 exd5 8. Bb5 0-0 9. Bxc6 bxc6 10. Qc2 Ba6 11. 0-0-0 c4 12. g4 cxb3 13. axb3 c5 14. g5 Nh5 15. Qf5 d4 16. Ne4 Qb6 17. d3 Qxb3 18. Nf6+ gxf6 19. gxf6 Nxf6 20. exd4 Rab8 21. Rd2 Rfc8 22. Qg5+ Kf8 23. d5 Bxd3 24. Ne1 Qc4+ 25. Kd1 Qa4+ 26. Kc1 Qa1+ 0-1

[Event "St Petersburg Korchnoi Memorial op"]
[Site "St Petersburg"]
[Date "2018.08.21"]
[Round "7"]
[White "Palchun, Grigory"]
[Black "Aleksandrov, Danila"]
[Result "0-1"]
[WhiteElo "2451"]
[BlackElo "2247"]
[PlyCount "72"]
[EventDate "2018.08.15"]
[EventType "swiss"]
[EventRounds "9"]
[EventCountry "RUS"]
[SourceTitle "CBM 186 Extra"]
[Source "ChessBase"]
[SourceDate "2018.08.24"]
[SourceVersion "1"]
[SourceVersionDate "2018.08.24"]
[SourceQuality "1"]

1. Nf3 c5 2. e3 d5 3. b3 Nc6 4. Bb2 Bg4 5. h3 Bh5 6. Bb5 e6 7. g4 Bg6 8. Ne5 Rc8 9. h4 d4 10. Nxc6 bxc6 11. Ba6 Rb8 12. h5 Be4 13. f3 Rb6 14. Bf1 Bd6 15. Rh3 Bd5 16. e4 Nf6 17. d3 Qb8 18. Qe2 Bf4 19. c4 Bxc4 20. dxc4 Nd7 21. Qd1 Bg3+ 22. Kd2 a5 23. Kc2 a4 24. Nd2 Be5 25. Bd3 Qa7 26. bxa4 Qxa4+ 27. Nb3 0-0 28. Qd2 Rfb8 29. Rhh1 Bf4 30. Qe2 Ne5 31. Rhd1 Rb4 32. Kb1 h6 33. Bc1 Bxc1 34. Kxc1 Rxb3 35. axb3 Qxa1+ 36. Kd2 Qc3# 0-1

[Event "RUS-chT 25th"]
[Site "Sochi"]
[Date "2018.05.04"]
[Round "4.5"]
[White "Palchun, Grigory"]
[Black "Hasangatin, Ramil"]
[Result "0-1"]
[WhiteElo "2454"]
[BlackElo "2502"]
[PlyCount "102"]
[EventDate "2018.05.01"]
[EventType "team-tourn"]
[EventRounds "9"]
[EventCountry "RUS"]
[SourceTitle "CBM 184 Extra"]
[Source "ChessBase"]
[SourceDate "2018.06.28"]
[SourceVersion "1"]
[SourceVersionDate "2018.06.28"]
[SourceQuality "1"]
[WhiteTeam "St Petersburg SHSH"]
[BlackTeam "Tatarstan Ladya"]
[WhiteTeamCountry "RUS"]
[BlackTeamCountry "RUS"]

1. e4 c5 2. Nf3 Nc6 3. d4 cxd4 4. Nxd4 e5 5. Nb5 a6 6. Nd6+ Bxd6 7. Qxd6 Qe7 8. Qd3 Nf6 9. Nc3 d6 10. Bg5 Be6 11. Be2 Nd4 12. Nd5 Bxd5 13. exd5 Nxe2 14. Qxe2 h6 15. Bxf6 Qxf6 16. h4 Qf4 17. c3 Rc8 18. g3 Qc4 19. Qxc4 Rxc4 20. Ke2 Ke7 21. a4 Rc5 22. Rhd1 g5 23. hxg5 hxg5 24. Rac1 f5 25. b4 Rc4 26. Kd3 b5 27. axb5 axb5 28. Rh1 e4+ 29. Kd2 Rcc8 30. Rxh8 Rxh8 31. Ra1 Rh2 32. Ke3 Kf6 33. Ra2 Rh8 34. c4 Ke5 35. cxb5 f4+ 36. gxf4+ gxf4+ 37. Ke2 Rb8 38. Ra5 Kd4 39. Ra6 f3+ 40. Kd2 Rxb5 41. Rxd6 Rxb4 42. Ra6 Rb2+ 43. Ke1 Rb1+ 44. Kd2 Rf1 45. Ra4+ Ke5 46. d6 Rxf2+ 47. Kc1 Re2 48. d7 f2 49. Ra5+ Kf4 50. Rd5 f1Q+ 51. Rd1 Qh3 0-1

[Event "St Petersburg-ch 91st"]
[Site "St Petersburg"]
[Date "2018.04.13"]
[Round "11"]
[White "Gurjevskoy, Denis"]
[Black "Palchun, Grigory"]
[Result "0-1"]
[WhiteElo "2175"]
[BlackElo "2443"]
[PlyCount "74"]
[EventDate "2018.04.03"]
[EventType "tourn"]
[EventRounds "11"]
[EventCountry "RUS"]
[EventCategory "7"]
[SourceTitle "CBM 183 Extra"]
[Source "ChessBase"]
[SourceDate "2018.04.19"]
[SourceVersion "1"]
[SourceVersionDate "2018.04.19"]
[SourceQuality "1"]

1. e4 e5 2. Nf3 Nc6 3. d4 exd4 4. Nxd4 Bc5 5. Be3 Qf6 6. c3 Nge7 7. g3 d5 8. Bg2 dxe4 9. Nb5 Bxe3 10. Nxc7+ Kf8 11. 0-0 Rb8 12. fxe3 Qe5 13. Qb3 f5 14. Nb5 Be6 15. Qa4 h5 16. Nxa7 Kg8 17. Na3 Nxa7 18. Qxa7 Nc6 19. Qa4 b5 20. Qc2 Qc5 21. Rad1 h4 22. Rfe1 hxg3 23. hxg3 Ne5 24. Rd4 Ng4 25. Bxe4 Qe5 26. Qg2 Rh2 27. Qf3 Rf2 28. Qxg4 fxg4 29. Kxf2 Rf8+ 30. Kg2 Qf6 31. Rd2 Qh6 32. Rh1 Qxe3 33. Bh7+ Kf7 34. Rf1+ Ke7 35. Nb1 Bd5+ 36. Rxd5 Qe2+ 37. Kg1 Rxf1# 0-1

[Event "St Petersburg-ch 91st"]
[Site "St Petersburg"]
[Date "2018.04.12"]
[Round "10"]
[White "Palchun, Grigory"]
[Black "Lobanov, Sergei"]
[Result "0-1"]
[WhiteElo "2443"]
[BlackElo "2482"]
[PlyCount "66"]
[EventDate "2018.04.03"]
[EventType "tourn"]
[EventRounds "11"]
[EventCountry "RUS"]
[EventCategory "7"]
[SourceTitle "CBM 183 Extra"]
[Source "ChessBase"]
[SourceDate "2018.04.19"]
[SourceVersion "1"]
[SourceVersionDate "2018.04.19"]
[SourceQuality "1"]

1. d4 Nf6 2. Bg5 Ne4 3. Bf4 d5 4. e3 c5 5. Bd3 Nc6 6. Bxe4 dxe4 7. d5 g5 8. Bxg5 Bg7 9. c3 Ne5 10. Qa4+ b5 11. Qxe4 Bb7 12. f4 Qxd5 13. Qxd5 Bxd5 14. Nf3 Nd3+ 15. Kd2 Nxb2 16. Kc2 Nc4 17. Nbd2 Nxe3+ 18. Kd3 Nxg2 19. Rhg1 0-0-0 20. Ke2 h6 21. Rxg2 hxg5 22. Re1 c4 23. Rxg5 Bf6 24. Rg3 Bxf3+ 25. Nxf3 Rd3 26. a4 a6 27. axb5 axb5 28. Rb1 Rh5 29. h4 Rxc3 30. Rg8+ Kc7 31. Ne5 Rb3 32. Rxb3 cxb3 33. Nxf7 Rxh4 0-1

[Event "St Petersburg-ch 91st"]
[Site "St Petersburg"]
[Date "2018.04.11"]
[Round "9"]
[White "Pershin, Denis"]
[Black "Palchun, Grigory"]
[Result "0-1"]
[WhiteElo "2393"]
[BlackElo "2443"]
[PlyCount "80"]
[EventDate "2018.04.03"]
[EventType "tourn"]
[EventRounds "11"]
[EventCountry "RUS"]
[EventCategory "7"]
[SourceTitle "CBM 183 Extra"]
[Source "ChessBase"]
[SourceDate "2018.04.19"]
[SourceVersion "1"]
[SourceVersionDate "2018.04.19"]
[SourceQuality "1"]

1. Nf3 e6 2. g3 b6 3. Bg2 Bb7 4. 0-0 Nf6 5. c4 Be7 6. Nc3 0-0 7. d4 d5 8. cxd5 exd5 9. Ne5 Na6 10. Bg5 h6 11. Bxf6 Bxf6 12. Qa4 Bxe5 13. dxe5 Nc5 14. Qd4 Ne6 15. Qg4 c6 16. f4 Re8 17. Rad1 Qe7 18. Kh1 Qb4 19. Rd2 Rad8 20. a3 Qc4 21. Rfd1 a5 22. e3 Bc8 23. Qh5 Nc5 24. Bf1 Qb3 25. g4 b5 26. g5 g6 27. Qxh6 b4 28. h4 bxc3 29. h5 Bf5 30. hxg6 fxg6 31. Rh2 Kf7 32. Qh7+ Ke6 33. Qg7 Rf8 34. Qc7 Be4+ 35. Kg1 Qxd1 36. Qxc6+ Kf5 37. Qxc5 cxb2 38. Rxb2 Rh8 39. Kf2 Rh2+ 40. Kg3 Qg4+ 0-1

[Event "St Petersburg-ch 91st"]
[Site "St Petersburg"]
[Date "2018.04.10"]
[Round "8"]
[White "Palchun, Grigory"]
[Black "Duzhakov, Ilya"]
[Result "1-0"]
[WhiteElo "2443"]
[BlackElo "2421"]
[PlyCount "69"]
[EventDate "2018.04.03"]
[EventType "tourn"]
[EventRounds "11"]
[EventCountry "RUS"]
[EventCategory "7"]
[SourceTitle "CBM 183 Extra"]
[Source "ChessBase"]
[SourceDate "2018.04.19"]
[SourceVersion "1"]
[SourceVersionDate "2018.04.19"]
[SourceQuality "1"]

1. d4 Nf6 2. Bg5 d5 3. Bxf6 gxf6 4. e3 c5 5. Nc3 Nc6 6. dxc5 e6 7. Qh5 f5 8. 0-0-0 Bd7 9. Nf3 Bxc5 10. g4 fxg4 11. Ne5 Qe7 12. Nxd7 Qxd7 13. e4 Bxf2 14. exd5 0-0-0 15. Qxg4 Be3+ 16. Kb1 Ne7 17. Bh3 f5 18. Qe2 Bb6 19. dxe6 Qc7 20. Nb5 Qc5 21. Rd7 Rxd7 22. exd7+ Kb8 23. Re1 Rd8 24. Qxe7 Qxb5 25. Rd1 h5 26. Bg2 h4 27. h3 Qc5 28. Qe6 a6 29. a4 Bc7 30. Bf3 Qa5 31. Rd3 Ka7 32. Rb3 Bb6 33. Qe7 Kb8 34. c4 Ka7 35. c5 1-0